书目信息 |
| 题名: |
精细化工工艺
|
|
| 作者: | 陆辟疆 , 李春燕 主编 | |
| 分册: | ||
| 出版信息: | 北京 化学工业出版社 1996.01 |
|
| 页数: | 522页 | |
| 开本: | 16开 | |
| 丛书名: | ||
| 单 册: | ||
| 中图分类: | TQ064 | |
| 科图分类: | ||
| 主题词: | 化工过程:生产过程 , 化工产品--后处理 , 化工产品--包装 | |
| 电子资源: | ||
| ISBN: | 7-5025-1574-7 | |
| 000 | 00665nam0 2200229 45 | |
| 001 | 0010061042 | |
| 005 | 20001006101208.4 | |
| 010 | @a7-5025-1574-7@d46.00元 | |
| 100 | @a20001006d1996 km y0chiy0120 ea | |
| 101 | 0 | @achi |
| 105 | @a z 000yy | |
| 200 | 1 | @a精细化工工艺@AJing Xi Hua Gong Gong Yi@f陆辟疆,李春燕主编@FLu Pi Jiang,Li Chun Yan Zhu Bian |
| 210 | @a北京@c化学工业出版社@d1996.01 | |
| 215 | @a522页@d16开 | |
| 606 | 0 | @a化工过程:生产过程 |
| 606 | 0 | @a化工产品@x后处理 |
| 606 | 0 | @a化工产品@x包装 |
| 690 | @aTQ064@v3 | |
| 701 | 0 | @a陆辟疆@4主编 |
| 701 | 0 | @a李春燕@4主编 |
| 801 | @aCN@bPftUser@c20001006 | |
| 905 | @b167902-904@dTQ064@eL339@f3 | |
| 精细化工工艺/陆辟疆,李春燕主编.-北京:化学工业出版社,1996.01 |
| 522页;16开 |
| ISBN 7-5025-1574-7:46.00元 |
| ● |
| 相关链接 |
|
|
|
正题名:精细化工工艺
索取号:TQ064/L339
 
预约/预借
| 序号 | 登录号 | 条形码 | 馆藏地/架位号 | 状态 | 备注 |
| 1 | 167902 | 201679022 | 自科库501/501自科库 138排7列5层/ [索取号:TQ064/L339] | 在馆 | |
| 2 | 167903 | 201679031 | 期刊室512/201建筑库 34排4列4层/ [索取号:TQ064/L339] | 在馆 | |
| 3 | 167904 | 201679040 | 自科库501/501自科库 138排7列5层/ [索取号:TQ064/L339] | 在馆 |